RP-GERMAN timber stand improvement project PN 79.2127.3 : TSI field manual

Bibliographic Details
Format: Book
Published: (Eschborn) : German Agency for Technical Cooperation , (19 ---)
Subjects:

MARC

LEADER 00000cam a2200000 7i4500
001 0000002467
005 20030626.0
090 0 0 |a 634.98   |b RPG (19---) 
245 0 0 |a RP-GERMAN timber stand improvement project PN 79.2127.3 :   |b TSI field manual 
260 0 0 |a (Eschborn) :   |b German Agency for Technical Cooperation ,   |c (19 ---) 
300 |a 136 p. :   |b ill. ;   |c 22 cm. 
500 0 0 |a Bibliography : p. 135-136 
650 0 0 |a Forest management 
650 0 0 |a Forests and forestry 
650 0 0 |a Logging 
650 0 0 |a Timber 
998 |a JPSM 
999 |a 0000004253   |b Monograph   |c Open Shelf   |e Default branch